Plunderer, Vol 7 /

Lynn stands alone before the traitorous Ace of Piercing Strikes, who has gone undefeated for three hundred years. Will the bonds she forged be enough to retake what is most important to her? Meanwhile, Tokikaze has lost control of Althing, instantly putting his rebellion in danger as the Special Uni...

Full description

Bibliographic Details
Corporate Author: Library Pass, LLC
Other Authors: Minazuki, Suu (writer.)
Format: eBook
Language:English
Published: [United States] : Yen Press, 2022.
Subjects:
Online Access:Connect to this electronic book (First time users create your free account)

MARC

Tag First Indicator Second Indicator Subfields
LEADER 00000nmm a22000001a 4500
001 in00004608917
006 m|||||o||m||||||||
007 cr|cn |||uuuuu
008 221118s2022 xxu||||eo|||| ||||||eng d
005 20221207213153.7
035 |a (TxWaIVM)IV89926YePl 
040 |a TxWaIVM  |c TxWaIVM 
245 0 0 |a Plunderer, Vol 7 /  |c powered by Library Pass. 
260 3 |a [United States] :  |b Yen Press,  |c 2022. 
300 |a 1 online resource. 
336 |a text  |b txt  |2 rdacontent 
337 |a computer  |b c  |2 rdamedia 
338 |a online resource  |b cr  |2 rdacarrier 
520 |a Lynn stands alone before the traitorous Ace of Piercing Strikes, who has gone undefeated for three hundred years. Will the bonds she forged be enough to retake what is most important to her? Meanwhile, Tokikaze has lost control of Althing, instantly putting his rebellion in danger as the Special Unit retaliates against the children of the Abyss. Beset by foes on every side, the gang's only chance to defeat Schmerman is for Licht to reclaim the legendary Ballot he used during the Waste War, but the clones of Class A stand in the way...! 
521 |a 3 
538 |a Requires a valid library card and registration for new users. 
538 |a Mode of access: World Wide Web. 
538 |a System requirements: Flash 10.1 or higher, Windows XP and higher, Internet Explorer 7 and higher, Firefox 3.6 and higher, Google Chrome; Max OS 10.5 and higher, Safari 4 and higher. 
650 0 |a Fantasy comic books, strips, etc. 
655 7 |a Electronic books.  |2 local 
655 7 |a Fantasy comic books, strips, etc.  |2 gsafd 
650 0 |a Comic books, strips, etc. 
655 7 |a Comic books, strips, etc.  |2 gsafd 
650 0 |a Shonen 
655 7 |a Shonen  |2 gsafd 
700 1 |a Minazuki, Suu.  |e writer. 
700 1 |a Minazuki, Suu.  |e artist. 
710 2 |a Library Pass, LLC. 
856 4 0 |u http://proxy.library.tamu.edu/login?url=https://tamu.librarypass.com/product/yen.press.plunderer.vol.7.english.08082022  |z Connect to this electronic book (First time users create your free account)  |t 0 
955 |a Comics Plus. 
999 f f |s ecf019c4-da12-4ce7-9344-933bf880a12e  |i 7a6fa73f-ea0f-484b-a7a0-c79232c6a4f7  |t 0 
952 f f |a Texas A&M University  |b College Station  |c Electronic Resources  |d Available Online  |t 0  |h Library of Congress classification 
998 f f |t 0  |l Available Online